| 000 | 00738nam a22001577a 4500 | ||
|---|---|---|---|
| 003 | OSt | ||
| 005 | 20151106085228.0 | ||
| 008 | 151106b xxu||||| |||| 00| 0 eng d | ||
| 040 | _cRUA | ||
| 082 | _aFOR CHH 1997 B124 Or.1 | ||
| 100 |
_93426 _aCHHAY, NARETH. |
||
| 245 | _athe study on processed recovery rate from round logs to s2s-s4s products at colexim and casotim enterprises (សិក្សាស្រាវជ្រាវអត្រាភាគរយនៃការកែច្នៃឈើហ៊ុបមូល ទៅជា ឈើ s2s និង s4s នៅសហគ្រាស កូឡិចស៊ីម និង កាសូទីម) | ||
| 260 |
_aPhnom Penh _bRUA _c1997 |
||
| 300 |
_a75p. _bill. _c29cm. |
||
| 942 |
_2ddc _cFOR |
||
| 999 |
_c3196 _d3196 |
||